000 00508nam a22001577a 4500
008 150608b xxu||||| |||| 00| 0 eng d
020 _a9789715847650
050 _aDS 675.
_bR627 2008
100 _aCruz, Emerlinda G.
245 _aNoli me tangere ni Dr. Jose Rizal /
_cEmerlinda G. Cruz ; Rogelio G. Mangahas
260 _aQuezon City
_bC&E Publishing Inc.
_cc2008
300 _a544 p.
_bill.,
_c25 cm.
500 _aIncludes glossary.
650 _aLiterature
942 _2lcc
_cBK
_mDS 675. R627 2008
999 _c284786
_d284786